" PALOMO, JUAN JOSE S/ HOMICIDIO EN GRADO DE TENTATIVA" / (Record no. 1306)

MARC details
000 -CABECERA
Campo de control de longitud fija 01045nam a22002897a 4500
005 - FECHA Y HORA DE LA ULTIMA TRANSACCION (NR)
Campo de control 20260629113954.0
008 - ELEMENTOS DE LONGITUD FIJA -- INFORMACION GENERAL (NR)
Campo de control de longitud fija 260629b2026 ag ||||| |||| 00| 0 spa d
020 ## - TIPO DE RESOLUCION Y NUMERO
Número de Resolución TI Sentencia N° 40 fecha 25/6/26
Tipo de Resolución Sentencias
110 ## - ASIENTO PRINCIPAL--NOMBRE CORPORATIVO (NR)
Nombre corporativo o de jurisdicción como elemento de entrada (NR) Tribunal de Impugnación
9 (RLIN) 1
245 ## - CARATULA
Caratula " PALOMO, JUAN JOSE S/ HOMICIDIO EN GRADO DE TENTATIVA" /
Mención de responsabilidad, etc. (NR) Tribunal de Impugnación
300 ## - DESCRIPCION FISICA (R)
Extensión (R) 17p.
Otros detalles físicos (NR) pdf
518 ## - NOTA DE FECHA/HORA Y LUGAR DE UN EVENTO (R)
Fecha de la Resolución (NR) 25/06/26
653 ## - TERMINO DE INDIZACION - NO CONTROLADO (R)
Término de indización no controlado (R) HOMICIDIO SIMPLE
653 ## - TERMINO DE INDIZACION - NO CONTROLADO (R)
Término de indización no controlado (R) TENTATIVA
653 ## - TERMINO DE INDIZACION - NO CONTROLADO (R)
Término de indización no controlado (R) CAUSAS DE JUSTIFICACIÓN
653 ## - TERMINO DE INDIZACION - NO CONTROLADO (R)
Término de indización no controlado (R) LEGÍTIMA DEFENSA
653 ## - TERMINO DE INDIZACION - NO CONTROLADO (R)
Término de indización no controlado (R) ART. 34 INC 6 CP
653 ## - TERMINO DE INDIZACION - NO CONTROLADO (R)
Término de indización no controlado (R) ARBITRARIEDAD
653 ## - TERMINO DE INDIZACION - NO CONTROLADO (R)
Término de indización no controlado (R) FALTA DE FUNDAMENTACIÓN DEL IMPUGNANTE
653 ## - TERMINO DE INDIZACION - NO CONTROLADO (R)
Término de indización no controlado (R) EXIMICIÓN EN COSTAS
700 ## - FIRMANTES - NOMBRE PERSONAL (R)
Nombre personal (NR) Trincheri, Walter Richard
9 (RLIN) 8
700 1# - FIRMANTES - NOMBRE PERSONAL (R)
Nombre personal (NR) Sauli, Estefania
9 (RLIN) 70
700 1# - FIRMANTES - NOMBRE PERSONAL (R)
Nombre personal (NR) Patricia Romina Lupica Cristo
9 (RLIN) 48
774 ## - NUMERO DE LEGAJO
Número de Legajo LEG 332445/25
856 ## - LOCALIZACION Y ACCESO ELECTRONICOS (R)
Nombre del dominio (“Host name”) (R) http://152.169.108.62:81/files/01306.pdf
Texto del vínculo (R) texto completo
Identificador Uniforme del Recurso (“URI”) (R) <a href="http://jurispenal.jusneuquen.gov.ar/cgi-bin/koha/opac-retrieve-file.pl?id=5a54aaad3b6a0a7b0306aafe7d1cb572">http://jurispenal.jusneuquen.gov.ar/cgi-bin/koha/opac-retrieve-file.pl?id=5a54aaad3b6a0a7b0306aafe7d1cb572</a>
942 ## - Elementos Agregados (KOHA)
Fuente de clasificación o esquema de estanterías Dewey Decimal Classification
Tipo de material Koha (Default) Sentencias

No items available.